PC upgrading maintenance and troubleshooting guide (Record no. 490603)

000 -LEADER
fixed length control field 00382nam a22001457a 4500
020 ## - INTERNATIONAL STANDARD BOOK NUMBER
International Standard Book Number 9788185749365
082 ## - DEWEY DECIMAL CLASSIFICATION NUMBER
Classification number 004.165 BHA
100 ## - MAIN ENTRY--PERSONAL NAME
Personal name Bhatnagar Ashish
245 ## - TITLE STATEMENT
Title PC upgrading maintenance and troubleshooting guide
260 ## - PUBLICATION, DISTRIBUTION, ETC.
Place of publication, distribution, etc. New Delhi
Name of publisher, distributor, etc. S.K.Kataria & Sons
Date of publication, distribution, etc. 1999
300 ## - PHYSICAL DESCRIPTION
Extent 498
Other physical details P.B
650 ## - SUBJECT ADDED ENTRY--TOPICAL TERM
Topical term or geographic name entry element PC upgrading
700 ## - ADDED ENTRY--PERSONAL NAME
Personal name Ashish Bhatnagar
942 ## - ADDED ENTRY ELEMENTS (KOHA)
Koha item type Book
Holdings
Withdrawn status Lost status Damaged status Not for loan Collection code Permanent Location Current Location Shelving location Date acquired Source of acquisition Cost, normal purchase price Total Checkouts Full call number Barcode Date last seen Price effective from Koha item type
          Central Library (CL) Central Library (CL) First Floor - Computer Science 01/04/2017 Allied book company 443.68   004.165 BHA SEECS013620 01/04/2017 01/04/2017 Book
© 2023 Central Library, National University of Sciences and Technology. All Rights Reserved.